00718nam a2200241 a 4500001001300000003000900013005001700022008004100039020001000080082001600090100002500106245003700131260004400168300000900212500003500221505002400256650002500280700002500305902000800330942000700338952011600345999001500461nice12345678IN_TiNIC20260116011528.0050524s1960 mica grp 000 0 eng  ac10000a220.13bTHO aThomson, James G S S aOld Testament View of Revelation aMichiganbWilliam B.Eerdmans Pub c1960 a107p aincludes index and biblioraphy2 aBibliography, Index aRevelation-Bible-O.T1 aThomson, James G S S bSRS cBK 001040708StackRoom-aHMIbHMId2007-06-15g100.00l0o220.13 THOp02413r2007-06-15v100.00w2005-05-24yBK c2340d2340